Akta Kontrak 1950 (Akta 136), Akta Kontrak (pindaan) 1976 (Akta A329), Akta Kontrak Kerajaan 1949 (Akta 120) : semua pindaan hingga April, 1995

Bibliographic Details
Corporate Author: MALAYSIA
Format: Book
Published: Kuala Lumpur : MDC Penerbit Pencetak , 1995
Series:Undang-undang Malaysia
Subjects:

MARC

LEADER 00000cam a2200000 7i4500
001 0000000606
005 20000912.0
020 0 0 |a 9677002333 
090 0 0 |a MR346.59502   |b MAL 1995 
110 1 0 |a MALAYSIA 
245 1 0 |a Akta Kontrak 1950 (Akta 136), Akta Kontrak (pindaan) 1976 (Akta A329), Akta Kontrak Kerajaan 1949 (Akta 120) :   |b semua pindaan hingga April, 1995 
260 0 0 |a Kuala Lumpur :   |b MDC Penerbit Pencetak ,   |c 1995 
300 |a xii, 97 p. ;   |c 26 cm. 
440 0 0 |a Undang-undang Malaysia 
650 0 0 |a Commercial law   |z Malaysia 
650 0 0 |a Contracts   |z Malaysia   |x Law and legislation 
651 0 0 |a Malaysia   |x Akta Kontrak Kerajaan, 1949 
999 |a 0000000381   |b Monograph   |c Reference   |e Default branch